00652 2200241 4500001002100000005001700021008004100038020002200079035002400101041000800125043001300133082001100146090002000157110002000177245007000197250001000267260002700277300003000304650001900334700001800353850001200371999002700383YOGYA-0711000000056320110713075135.0 ind  a978-979-29-2435-0 0010-071100000000563 aInd aYOPD DIY a005.84 bDEP 005.84bMud aWahana Komputer aMudah Basmi Virus, Spam, dan Malware Dengan Free Antivirus Online aCet 1 aYogyakartabAndic2011 aVIII 149 hlmbilusc23 cm aVirus Komputer aWestriningsih aYOPDYOG aCB - D.11 - 2011 - 305